Divisões Federais da Rússia em um Mapa - Statistics

Estatísticas Gerais
  • Esse quiz foi jogado 1 009 vezes
  • A pontuação média é 28 de 85
Respostas no mapa
Respostas codificadas por cores de uma escala verde-vermelha no mapa do quiz de acordo com a % correta abaixo.
 
Estatísticas das Respostas
Tipo Federal Subject % Correto
Oblast (Estado) Moscou
87%
Cidade Federal Moscou
87%
República Crimeia
65%
Cidade Federal São Petersburgo
61%
Oblast (Estado) Kaliningrado
57%
República Sakha (Iacútia)
57%
República Chechênia
56%
Cidade Federal Sebastopol
46%
Oblast (Estado) Leningrado
44%
República Daguestão
43%
República Tuva
43%
Oblast (Estado) Murmansk
42%
Krai (Território) Krasnoyarsk
41%
República Carélia
40%
Oblast (Estado) Omsk
39%
República Ossétia do Norte-Alânia
39%
Oblast (Estado) Volgogrado
39%
Oblast (Estado) Sacalina
38%
Oblast Autônomo Judaico
37%
Oblast (Estado) Samara
37%
República Altai
36%
Krai (Território) Altai
36%
Oblast (Estado) Arcangel
36%
Krai (Território) Krasnodar
36%
Oblast (Estado) Rostov
36%
Oblast (Estado) Magadan
35%
Oblast (Estado) Amur
34%
Okrug Autônomo Iamália-Nenétsia
34%
Krai (Território) Kamchatka
34%
República Komi
34%
Okrug Autônomo Nenétsia
34%
Krai (Território) Litoral
33%
Oblast (Estado) Novgorod
33%
Oblast (Estado) Novosibirsk
33%
Oblast (Estado) Irkutsk
32%
Krai (Território) Perm
32%
República Tartaristão
32%
Oblast (Estado) Vladimir
32%
República Buriácia
31%
Oblast (Estado) Tula
31%
Oblast (Estado) Astracã
30%
Krai (Território) Khabarovsk
30%
República Mari El
29%
Oblast (Estado) Smolensk
29%
Oblast (Estado) Tomsk
29%
Oblast (Estado) Briansk
28%
Oblast (Estado) Kursk
28%
Oblast (Estado) Oremburgo
28%
Oblast (Estado) Pskov
28%
Okrug Autônomo Tchukotka
28%
Oblast (Estado) Tver
28%
República Adigueia
27%
República Bascortostão
27%
República Cacássia
27%
República Inguchétia
27%
República Mordóvia
26%
Oblast (Estado) Saratov
26%
Oblast (Estado) Belgorod
25%
República Calmúquia
25%
República Carachai-Circássia
25%
República Chuváchia
25%
Oblast (Estado) Ivanovo
25%
Oblast (Estado) Kemerovo
25%
Okrug Autônomo Khântia–Mânsia (Iugra)
25%
Oblast (Estado) Kirov
25%
Oblast (Estado) Nijni Novgorod
25%
Oblast (Estado) Oriol
25%
Oblast (Estado) Penza
25%
Oblast (Estado) Tiumen
25%
República Udmúrtia
25%
Oblast (Estado) Vologda
25%
República Cabárdia-Balcária
24%
Oblast (Estado) Kaluga
24%
Oblast (Estado) Voronej
24%
Oblast (Estado) Sverdlovsk
23%
Oblast (Estado) Tambov
23%
Krai (Território) Transbaicália
23%
Oblast (Estado) Kurgan
22%
Krai (Território) Stavropol
22%
Oblast (Estado) Iaroslavl
21%
Oblast (Estado) Kostroma
21%
Oblast (Estado) Lipetsk
21%
Oblast (Estado) Tcheliabinsk
21%
Oblast (Estado) Riazan
20%
Oblast (Estado) Ulianovsk
20%
Nenhum quiz correspondente encontrado
Distribuição das Pontuações
Porcentagem de Pessoas com Cada Pontuação
Percentil de Números Respondidos
Sua Pontuação Histórica
Você não jogou esse quiz